000 01104cad a22002295a 4500
001 E148909
008 091126s2009 xxkad f s 000 0 eng d
035 _a(Sirsi) u148909
041 0 _aeng
050 0 4 _a333.33 $2 18
100 1 _aSymes, Alex
245 0 4 _aProperty performance monitor
_h[electronic resource]
260 _aLondon
_bRREEF
_c2009
490 0 4 _aRREEF Property Performance Monitor
_vNovember 2009
520 _aReports that the National Council of Real Estate Investment Fiduciaries (NCREIF) Property Index continues to drop, recording the biggest four-quarter loss ever. Suggests that although consumers are reining-in spending and despite some bankruptcies amongst retailers, retail properties are still outperforming the NPI.
590 _aKA
651 4 _aUnited States
_y1959-
690 _aPROPERTY-COMMERCIAL PROPERTY-COMMERCIAL PROPERTY MARKET
690 _aPROPERTY-COMMERCIAL PROPERTY-COMMERCIAL PROPERTY FINANCE AND INVESTMENT
856 4 0 _uhttps://www.rreef.com/cps/rde/xchg/ai_en/hs.xsl/3305.html
_zView the report free of charge at www.rreef.com....
942 _n0
999 _c110278
_d110278